00433nam a2200121Ia 4500008004100000245013100041260002400172260000900196300000700205650002300212650001200235856006400247170516s9999 xx 000 0 und d aSyntrophic microbial communities on straw as biofilm carrier increase the methane yield of a biowaste-digesting biogas reactor bAIMS Bioengineering c2015 a:3 xMedical Technology xMedtech uhttp://www.aimspress.com/journal/Bioengineering/2015/3.html